00492nam a22001577a 4500008004100000020001800041040005500059080001400114100001800128245006500146260006400211300001000275650001200285653002400297700001300321230606b |||||||| |||| 00| 0 eng d a81-7236-085-1 aNational Science LibrarycNational Science Library a616.9bN4 aKumar, Sushil aTropical disease: bMolecular biology and control strategies aNew Delhi: bPublications & Information Directorate, c1994 a778p. aDisease aFilarial infections aSen, A K